00000000nam 2200000zi 4500
0019.922340
003CaOODSP
00520230818093841
006m     o  d f      
007cr |||||||||||
008230505s202304  qucao   ob   f000 0 fre d
020 |a9780660485843
040 |aCaOODSP|bfre|erda|cCaOODSP
043 |an-cn---
0861 |aR62-593/2023F-PDF
1001 |aPatriquin, Krista, |eauteur.
24510|aRecommandations en matière de bien-être et de manipulation pour dénombrer les chauves-souris au Canada / |cpréparé par Krista Patriquin, Lori Phinney, Scott McBurney, Dave McRuer, Réseau canadien pour la santé de la faune, région de l’Atlantique et le Groupe de travail canadien sur le bien-être des chauve-souris.
264 1|a[Gatineau, QC] : |bParcs Canada = Parks Canada,|cavril 2023.
300 |a1 ressource en ligne (87 pages) : |billustrations, photographs
336 |atexte|btxt|2rdacontent/fre
337 |ainformatique|bc|2rdamedia/fre
338 |aressource en ligne|bcr|2rdacarrier/fre
500 |aPublié aussi en anglais sous le titre : Welfare and handling recommendations for bat censuses in Canada.
504 |aComprend des références bibliographiques (pages 76-85).
650 6|aChauves-souris|zCanada.
7102 |aParcs Canada, |eorganisme de publication.
77508|tWelfare and handling recommendations for bat censuses in Canada / |w(CaOODSP)9.922338
85640|qPDF|s3.59 Mo|uhttps://publications.gc.ca/collections/collection_2023/pc/R62-593-2023-fra.pdf